| 000 | nam a22 7a 4500 | ||
|---|---|---|---|
| 999 |
_c9028 _d9028 |
||
| 005 | 20210317051743.0 | ||
| 008 | 210317b xxu||||| |||| 00| 0 eng d | ||
| 020 |
_a9789712735721 _bpaperback |
||
| 040 |
_beng _cAPEC Schools Library _erda |
||
| 082 |
_aF 899.2104 _bOc15d 2020 |
||
| 100 | _aOcampo, Ambeth R. | ||
| 245 |
_aLooking Back 14: Dirty Ice Cream / _cAmbeth R. Ocampo |
||
| 264 |
_aMandaluyong City: _bAnvil, _c©2020. |
||
| 300 |
_a99 pages : _billustrations ; |
||
| 336 |
_2rdacontent _atext |
||
| 337 |
_2rdamedia _aunmediated |
||
| 338 |
_2rdacarrier _avolume |
||
| 650 | _aPhilippine essays (english). | ||
| 942 |
_2ddc _cNFIC |
||